| 000 | 00677nam a22002297a 4500 | ||
|---|---|---|---|
| 005 | 20180825160241.0 | ||
| 006 | a|||||f|||| 00| 0 | ||
| 007 | tc | ||
| 008 | 180720b xxu||||| |||| 00| 0 eng d | ||
| 010 | _aBR-000958 | ||
| 020 | _c11.00 | ||
| 035 | _a BR-000958 | ||
| 037 | _bA.I.C.B. | ||
| 082 | _aS | ||
| 100 | _aWilliams, Teddy | ||
| 245 |
_aFairy Tales _cWilliams, Teddy |
||
| 260 |
_aDelhi _bA.C.I.B. _cN.D. |
||
| 270 | _aSector-5, Rohini, New Delhi-110085 | ||
| 300 |
_avarious pages. _c30*28cm(HB). |
||
| 942 |
_2ddc _cBRLHN _hS _mWIL |
||
| 999 |
_c156344 _d156344 |
||